LEADER 01380nam0 2200289 450 001 000034664 005 20150114104335.0 100 $a20130419d2013----km-y0itay50------ba 101 0 $aeng 102 $aIT 105 $aa---m-------- 200 1 $aSecondary metabolites versus synthetic chemical pesticides: towards a better future$bTesi di dottorato$fdottorando: Emanuela Ventrella$gcoordinatore: Sabino A. Bufo$gtutor: Sabino A. Bufo$gco-tutor: Zbigniew Adamski 210 $a[Potenza]$d[2013] 215 $aXVI, 127 p.$cill.$d30 cm. 328 1$aSul frontespizio: Università degli Studi della Basilicata, Dottorato di ricerca in Crop systems, forestry and environmental sciences, XXV ciclo, A.a. 2011-2012 676 $a630.24$v(22. ed.)$9Agricoltura e tecnologie connesse. Principi scientifici. Chimica 686 $aAGR/13$cChimica Agraria 700 1$aVentrella,$bEmanuela$0446414 801 0$aIT$bUniversità della Basilicata - B.I.A.$gREICAT$2unimarc 912 $a000034664 996 $aSecondary metabolites versus synthetic chemical pesticides: towards a better future$997732 997 $aUNIBAS BAS $aAGRARIA CAT $aSTD086$b01$c20130419$lBAS01$h1047 CAT $aTTM$b30$c20150114$lBAS01$h1043 FMT Z30 -1$lBAS01$LBAS01$mBOOK$1BASA2$APolo Tecnico-Scientifico$2TDO$BTesi di Dottorato$3TDA.25c.VE1$528593-10$820130419$f98$FConsultazione